The Presentation secrets of steve jobs : how to be insanely great in front of any audience.

Bibliographic Details
Main Author: Gallo
Format: Book
Published: New York: McGraw Hill, 2010.
Subjects:
LEADER 00492cam a2200157 7i4500
001 0000028409
005 20130409090000.0
020 0 0 |a 9780071636087  
090 0 0 |a B 658.452   |b GAL 
100 1 0 |a Gallo  
245 1 4 |a The Presentation secrets of steve jobs : how to be insanely great in front of any audience. 
260 0 0 |a New York:   |b McGraw Hill,   |c 2010. 
300 # # |a 238 p. 
650 0 0 |a Business communication  
650 0 0 |a Business presentations  
999 |a B000031920  |b Book  |c Book  |e Business Information Centre